El teniente de Bengala / (Record no. 98299)

MARC details
000 -LEADER
campo de control de longitud fija 00604nam a2200205 i 4500
001 - NÚMERO DE CONTROL
campo de control 98299
003 - IDENTIFICADOR DE NÚMERO DE CONTROL
campo de control ES-MaACL
005 - FECHA Y HORA DE LA ÚLTIMA TRANSACCIÓN
campo de control 20230906182244.0
007 - CAMPO FIJO DE DESCRIPCIÓN FÍSICA--INFORMACIÓN GENERAL
campo de control de longitud fija t|
008 - DATOS DE LONGITUD FIJA--INFORMACIÓN GENERAL
campo de control de longitud fija 050727s1952 sp ||||1| spa d
100 1# - ENTRADA PRINCIPAL--NOMBRE DE PERSONA
Nombre de persona Marshall, Edison.
9 (RLIN) 77131
245 13 - MENCIÓN DEL TÍTULO
Título El teniente de Bengala /
Mención de responsabilidad, etc. Edison Marshall; [versión española de José María Claramunda-Bes].
250 ## - MENCION DE EDICION
Mención de edición [1ª ed.].
260 ## - PUBLICACIÓN, DISTRIBUCIÓN, ETC.
Lugar de publicación, distribución, etc. Barcelona :
Nombre del editor, distribuidor, etc. Luis de Caralt,
Fecha de publicación, distribución, etc. 1952.
490 1# - MENCIÓN DE SERIE
Mención de serie Gigante
700 1# - ENTRADA AGREGADA--NOMBRE PERSONAL
Nombre de persona Claramunda Bes, José María.
9 (RLIN) 38998
830 0# - PUNTO DE ACCESO ADICIONAL DE SERIE-TÍTULO UNIFORME
Título uniforme Gigante
9 (RLIN) 181050
852 ## - LOCALIZACIÓN
Ubicación ES-MaACL
Número de control de estantería D-8616
Sublocalización o colección R.32997
Holdings
Estatus retirado Estado de pérdida Estado de daño No para préstamo Biblioteca de origen Biblioteca actual Ubicación en estantería Fecha de adquisición Fuente de adquisición Total de préstamos Signatura topográfica completa Código de barras Visto por última vez Precio de reemplazo Tipo de ítem Koha
        Biblioteca del Ateneo de Madrid Biblioteca del Ateneo de Madrid Sala Valle Inclán 17/01/2008     D-8616 901102617 23/02/2023 23/02/2023 Libro impreso